| 000 | 00353nam a22001457a 4500 | ||
|---|---|---|---|
| 020 | _qPB. | ||
| 040 | _cFIZZA ISHAQ | ||
| 082 |
_a005.74 _bWIL |
||
| 100 |
_aINMON,H. WILLIAM. _989440 |
||
| 245 |
_aBUILDING THE DATA WARE HOUSE / _cWILLIAM H. INMON. |
||
| 250 | _a4th ED. | ||
| 260 |
_aCANADA ; _bWILEY, _c2005. |
||
| 300 | _a543 P. ; | ||
| 942 |
_2ddc _cBK |
||
| 999 |
_c588173 _d588173 |
||